00372nam a2200145Ia 4500008004100000020001500041041000800056082002100064100004000085245004200125250000600167260002300173300001100196650001900207210716s1984 xx 000 0 und d a1566390346 aeng a330.9520091 FUJK aFujita, Kuniko;Hill, Richard Child. aJapanese cities in the world economy. a1 aPhiladelphiac1984 axi,311 aEconomics(330)